000 01280nam a2200409 a 4500
001 vtls000016495
003 NLI
005 20210601181724.0
008 101125s1969 enk 001 0 eng
020 _a443006407
_cRs. 209.00
039 9 _y201011250124
_zVLOAD
040 0 _aNLI
_beng
_cVERGIS-2003
041 0 _aeng
044 _aenk
082 0 4 _a636.0895
100 1 _aAlexander, Frank
_957509
245 1 3 _aAn introduction to veterinary pharmacology/
_cFrank Alexander
250 _a2nd ed.
260 _aEdinburgh:
_bE and S. Livingstone,
_c1969
300 _ax, 331 p.;
_c21 cm.
500 _aIncludes index
650 0 _aVeterinary pharmacology
_957510
650 0 _aPharmacology
_912194
650 0 _aVeterinary chemotherapy
_957511
650 0 _aTherapenties
_957512
650 0 _aVeterinary medicine
887 _aP. Nirmaladevi
901 _a416638
_b01/03/1975
902 _aE 636.0895 Al 26
903 _a05/03/2004
904 _aP. Nirmaladevi
906 _a015619
949 _AVIRTUAITEM
_D10000
_F1
_X100
_6PUR000416638ENG
_aE 636.0895 Al26
942 _2ddc
_cBKS
999 _aVIRTUA
_c20587
_d20587
999 _aVTLSSORT0080*0200*0400*0410*0440*0820*1000*2450*2500*2600*3000*5000*6500*6501*6502*6503*6504*8520*9010*9020*9030*9040*9060*9490*9991